| 000 | 02020ncm0a2200409 4500 | ||
|---|---|---|---|
| 001 | RU\NLR\ONIZ\198069 | ||
| 005 | 20250624194709.0 | ||
| 013 | _a979-0-66006-090-2 | ||
| 021 |
_aRU _b13-221н _913-14н |
||
| 035 | _aRU\NLR\ONIZ\NATA\5000005574\20140424122019 | ||
| 035 | _a(NLR Aleph) 010888698 | ||
| 071 | 2 | 0 | _a12774 |
| 090 |
_a10539882 _c10539882 |
||
| 100 | _a20140424d2013 |||y0rusy50 ca | ||
| 101 | 0 |
_aeng _arus |
|
| 102 | _aRU | ||
| 125 | _azx | ||
| 128 | _ast | ||
| 145 | 0 | _ab | |
| 200 | 1 |
_aЭтюды _bНоты _eдля фп. _eсоч. 65 _dStudies _efor piano _eop. 65 _fЛёшхорн _zeng |
|
| 210 |
_aМосква _cМузыка _d2013 |
||
| 215 |
_a31 с. _d29 см |
||
| 313 | _aСистематизация документа проведена по изданию - Методика классифицирования музыкальных произведений (нотных изданий) по таблицам Библиотечно-библиографических классификаций : метод. рекомендации / Гос. б-ка СССР им. В.И. Ленина.- М., 1977. Индексу ББК методических рекомендаций присваивается код ББК для научных библиотек - LBC/SL | ||
| 606 | 1 |
_aЭтюды для фортепиано _xПартитуры _yГермания _z19 век _2nlr_sh |
|
| 608 |
_aЭтюд (фортепиано) _xНоты _yГермания _z19 в. _2nlr_sh |
||
| 686 |
_aЩ954.294(4Г)я44 _vLBC/SL _2rubbk |
||
| 700 | 1 |
_9z01790 _aЛёшхорн _bК. А. _f1819-1905 _gКарл Альберт _4230 _7ca |
|
| 790 | 1 |
_9z01700 _aLoeschhorn _bC. A. _f1819-1905 _gCarl Albert _4230 |
|
| 801 | 0 |
_aRU _bNLR _c20140424 _gPSBO |
|
| 801 | 1 |
_aRU _bNLR _c20140424 _2rusmarc |
|
| 801 | 2 |
_aRU _bNLR _c20190630 |
|
| 852 |
_aNLR _bМ _jК-3/26630 _pМОЭ 2013-14н/221н _t1 |
||
| 852 |
_aNLR _bМ _jК-3/26630а _pМОЭ 2013-14н/221на _t2 |
||
| 942 | _cSCORE | ||
| 980 | _aNB | ||
| 980 | _aONIZ | ||